00622 2200217 4500001002100000005001500021035002000036007000300056008004100059020002200100082001000122084001600132100001400148245009500162260004500257300002700302650002500329700002600354990001200380990001200392INLIS00000000000174220180315102546 a0010-0318000085ta180315 g 0 ind  a978-602-03-1206-4 a153.8 a153.8 OBE t0 aOBED, F.L1 aTelur Ceplok :bKisah Inspiratif Salesman Hitaci /cObed F.L; editor, Abdi R. Sastrawinata aJakarta :bGramedia Pustaka Utama,c2014 avi, 128 hlm. ;c21 cm. aMOTIVASI (PSIKOLOGI)0 aABDI, R. Sastrawinata a16408 a a16408 b